| 000 | 00932nam a22002535a 4500 | ||
|---|---|---|---|
| 003 | OSt | ||
| 005 | 20170319110637.0 | ||
| 008 | 170313s2012 ua frb 000 0 ara d | ||
| 015 | _a2012 / 1646 | ||
| 020 | _a9789770469221 | ||
| 040 |
_aEG-ScBUE _bara _cEG-ScBUE |
||
| 043 | _aF-ua--- | ||
| 082 | 0 | 4 |
_a342.6206 _bو ك ي _222 |
| 100 | 1 | _aوكيل، محمد إبراهيم خيري. | |
| 245 | 1 | 2 |
_aالتظلم الإداري في ضوء آراء الفقه وأحكام القضاء / _cمحمد إبراهيم خيري الوكيل. |
| 260 |
_aالقاهرة : _bدار النهضة العربية، _c2012. |
||
| 300 |
_a283 ص. ؛ _c24 سم. |
||
| 504 | _aيشتمل على إرجاعات ببليوجرافية. | ||
| 650 | 7 |
_aالقانون الإداري _zمصر. _2BUEsh _940573 |
|
| 650 | 7 |
_aالنظام الإداري في الإسلام. _2BUEsh |
|
| 651 | _2BUEsh | ||
| 653 |
_bLLAAWW _cMarch2017 |
||
| 942 | _2ddc | ||
| 999 |
_c24466 _d24438 |
||